000 01308cam a2200349 i 4500
999 _c4294
_d4294
001 17861333
003 OSt
005 20250205123324.0
008 130822s2014 deuab j b 001 0 eng
010 _a 2013033974
020 _a9781612284828 (library bound)
040 _aDLC
_beng
_cDLC
_erda
042 _apcc
043 _aa-my---
050 0 0 _aDS592
_b.B18 2014
082 0 0 _a959.5
_223
100 1 _aBankston, John,
_d1974-
245 1 0 _aWe visit Malaysia /
_cJohn Bankston.
246 3 _aMalaysia
264 1 _aHockessin, Delaware :
_bMitchell Lane Publishers,
_c[2014]
300 _a63 pages :
_billustrations, maps ;
_c25 cm.
336 _atext
_2rdacontent
337 _aunmediated
_2rdamedia
338 _avolume
_2rdacarrier
490 0 _aYour land and my land: Asia
504 _aIncludes bibliographical references and index.
505 0 _aMalaysia overview -- Malaysian history -- Growth of empires -- Celebrate! -- Europeans arrive -- Rise of cities, rise of Malaysia -- A new Malaysia -- 20-20 vision -- Malaysians who have made their mark.
651 0 _aMalaysia
_vJuvenile literature.
906 _a7
_bcbc
_corignew
_d1
_eecip
_f20
_gy-gencatlg
942 _2ddc
_cNFIC